01166nam a2200289 a 4500001001000000003000900010005001700019007000300036008004100039020001800080040002500098082002400123100003500147245004400182260003900226300002100265500007300286590002600359650002700385650002600412910003700438942001400475952012500489952011900614952012600733999001700859000048834DO-SdBNP20240530073924.0ta190415s2016 dr 000 f spa d a9789945600292 aDO-SdBNPbspacBNPHU 4aRD863.44bP437o2221 aPereyra, Emilia,d1963-91230310a¡Oh, Dios :bnovela /cEmilia Pereyra. aSanto Domingo :bSantuario,c2016. a173 p. ;c23 cm. aIncluye datos biográficos de la autora en la solapa de la cubierta aInventariado, 2019/LP 0aNovela dominicana9223 4aLiteratura dominicana aValidado. Control de calidad MFF 2ddccLBS1 00102ddc56708DSaBNPHUbBNPHUcHDd2019-04-15oBNPHU DS RD863.44 P437op48834-30r2020-06-25te. 3w2020-06-25yLBS1 00102ddc51708PDaBNPHUbBNPHUcHDd2019-04-15oBNPHU PD RD863.44 P437op48834-10r2020-06-25w2020-06-25yLBS1 00102ddc51708PDaBNPHUbBNPHUcHDd2019-04-15oBNPHU PD RD863.44 P437op48834-20r2020-06-25te. 2w2020-06-25yLBS1 c48322d48322